La integridad en la contratacin̤ pb︢lica : buenas prc̀ticas de la A a la Z /

Bibliographic Details
Corporate Authors: Instituto Nacional de Administracin̤ Pb︢lica (Espaą), Organitzacin̤ de Cooperacin̤ y Desarrollo Econm̤ico
Other Authors: Sǹchez Gil, Isabel
Format: Book
Language:Spanish
Published: Madrid : Instituto Nacional de Administracin̤ Pb︢lica : Organizacin̤ para la Cooperacin̤ y el Desarrollo Econm̤ico, 2009
Series:Estudios y documentos
Subjects:
Online Access:Acceso restringido

MARC

LEADER 00000nam a2200000 a 4500
005 20110712094539.0
008 100305s2009 sp d o000 0 spa c
017 |a DL SE. 98-2010 
020 |a 9788473512893 
035 |a 5520 
040 |d vLex 
080 |a 351.712 
090 |c 2209  |d 2209 
245 0 3 |a La integridad en la contratacin̤ pb︢lica :  |b buenas prc̀ticas de la A a la Z /  |c traduccin̤ de Isabel Sǹchez Gil  |h [Recurso electrn̤ico] 
256 |a Servicio en ln̕ea. 
260 |a Madrid :  |b Instituto Nacional de Administracin̤ Pb︢lica :  |b Organizacin̤ para la Cooperacin̤ y el Desarrollo Econm̤ico,  |c 2009 
300 |a 182 p. :  |b il., grf̀. ;  |c 24 cm 
504 |a Referencias bibliogrf̀icas 
506 1 |a Contenido solo disponible en los productos indicados  |d vLex Global  |d vLex Global (Academic Edition, excluding Law Schools)  |d vLex Global (U.S. Academic Edition, Law Schools)  |d vLex Global (U.S. Academic Edition, excluding Law Schools)  |d vLex Global (Academic Edition, Law Schools) 
546 |a Trad. de: Integrity in public procurement 
650 0 7 |a Administracin̤ pb︢lica  |2 Tesauro vLex 
650 0 7 |a Contratos administrativos  |2 Tesauro vLex 
700 1 |a Sǹchez Gil, Isabel 
710 1 |a Instituto Nacional de Administracin̤ Pb︢lica (Espaą) 
710 1 |a Organitzacin̤ de Cooperacin̤ y Desarrollo Econm̤ico 
740 0 |a vLex Libros (Servicio en ln̕ea) 
830 0 |a Estudios y documentos 
856 4 0 |u http://vlex.com/source/integridad-contratacion-publica-buenas-practicas-5520  |z Acceso restringido 
942 |c BOOK